01016nam a2200277 a 450000500170000000800410001702000150005804000250007304100080009804400070010608200200011310000380013324500740017125000220024526000680026730000500033549000480038565000520043365000530048565000570053870000320059570000240062770000300065170000320068170000250071320160209121952.0140313b2001 mx a |r|||| 00| 0 spa d a9683643516 aCO-BoIAVHcCO-BoIAVH0 aspa amx04a580.12097bM38c1 aMartínez Alfaro, Miguel Ángel10aCatálogo de plantas útiles de la Sierra Norte de Puebla, México aSegunda edición aMéxico :bUniversidad Nacional Autónoma de México,c2001. a303 páginas :bilustraciones ;c22 x 16 cm.0 aCuadernos del instituto de biología ;v27 6aPlantas útilesvCatálogozPuebla (México) 6aPlantas útilesvtaxonomíazPuebla (México) 6aPlantas útilesvclasificaciónzPuebla (México)1 aEvangelista Oliva, Virginia1 aMendoza Cruz, Myrna1 aMorales García, Gustavo1 aToledo Olazcoaga, Guadalupe1 aWong León, Alfredo